<?xml version="1.0" encoding="UTF-8"?><marc:collection xmlns:marc="http://www.loc.gov/MARC21/slim">
  <marc:record>
    <marc:leader>00000nam##2200000za#4500</marc:leader>
    <marc:controlfield tag="001">9.683603</marc:controlfield>
    <marc:controlfield tag="003">CaOODSP</marc:controlfield>
    <marc:controlfield tag="005">20210615133649</marc:controlfield>
    <marc:controlfield tag="007">ta</marc:controlfield>
    <marc:controlfield tag="008">150407|2006||||xxc|||||     f|0| 0 fre|d</marc:controlfield>
    <marc:datafield tag="040" ind1=" " ind2=" ">
      <marc:subfield code="a">CaOODSP</marc:subfield>
      <marc:subfield code="b">fre</marc:subfield>
    </marc:datafield>
    <marc:datafield tag="043" ind1=" " ind2=" ">
      <marc:subfield code="a">n-cn---</marc:subfield>
    </marc:datafield>
    <marc:datafield tag="086" ind1="1" ind2=" ">
      <marc:subfield code="a">BC92-60/2006F</marc:subfield>
    </marc:datafield>
    <marc:datafield tag="110" ind1="2" ind2=" ">
      <marc:subfield code="a">Conseil de la radiodiffusion et des télécommunications canadiennes.</marc:subfield>
    </marc:datafield>
    <marc:datafield tag="245" ind1="1" ind2="0">
      <marc:subfield code="a">L'environnement futur du système canadien de radiodiffusion : </marc:subfield>
      <marc:subfield code="b">un rapport préparé en vertu de l'article 15 de la Loi sur la radiodiffusion </marc:subfield>
    </marc:datafield>
    <marc:datafield tag="260" ind1=" " ind2=" ">
      <marc:subfield code="a">Ottawa - Ontario : </marc:subfield>
      <marc:subfield code="b">Conseil de la radiodiffusion et des télécommunications canadiennes </marc:subfield>
      <marc:subfield code="c">2006.</marc:subfield>
    </marc:datafield>
    <marc:datafield tag="300" ind1=" " ind2=" ">
      <marc:subfield code="a">1 vol. (non-paginé). : </marc:subfield>
      <marc:subfield code="b">graphiques, tableaux ; </marc:subfield>
      <marc:subfield code="c">28 cm.</marc:subfield>
    </marc:datafield>
    <marc:datafield tag="500" ind1=" " ind2=" ">
      <marc:subfield code="a">«Le 8 juin 2006, la gouverneure en conseil a émis le décret C.P. 2006-519 (le décret) en vertu de l'article 15 de la Loi sur la radiodiffusion (la Loi). Le décret (dont une copie se trouve à l'annexe II de ce rapport) demande au Conseil de présenter un rapport factuel sur l'environnement futur de l'ensemble du système canadien de radiodiffusion.»--Introduction. Le n° de catalogue (BC92-60/2006F-PDF) et l'ISBN (978-0-662-73069-9) de l'édition PDF ont été imprimés dans cette publication.</marc:subfield>
    </marc:datafield>
    <marc:datafield tag="520" ind1="3" ind2=" ">
      <marc:subfield code="a">Ce rapport examine les façons de s’assurer que le système canadien de radiodiffusion demeure d’actualité. Il donne un aperçu de l’évolution des technologies audiovisuelles et de leur utilisation par les Canadiens, puis analyse leur incidence sur le système de radiodiffusion. Ces résultats sont mis en contexte en vue de l’élaboration de modifications proposées aux lois, aux règlements et aux politiques afin de s’assurer que le système canadien de radiodiffusion demeure à la hauteur dans un univers numérique mondial et de respecter les besoins variés de tous les Canadiens.</marc:subfield>
    </marc:datafield>
    <marc:datafield tag="563" ind1=" " ind2=" ">
      <marc:subfield code="a">Couverture souple</marc:subfield>
    </marc:datafield>
    <marc:datafield tag="590" ind1=" " ind2=" ">
      <marc:subfield code="a">07-02</marc:subfield>
      <marc:subfield code="b">2007-01-12</marc:subfield>
    </marc:datafield>
    <marc:datafield tag="691" ind1="0" ind2="7">
      <marc:subfield code="a">Industrie de la radiodiffusion</marc:subfield>
      <marc:subfield code="2">gcpds</marc:subfield>
    </marc:datafield>
    <marc:datafield tag="775" ind1="0" ind2="8">
      <marc:subfield code="t">The future environment facing the Canadian broadcasting system : </marc:subfield>
      <marc:subfield code="w">(CaOODSP)9.650494</marc:subfield>
    </marc:datafield>
    <marc:datafield tag="776" ind1="0" ind2="#">
      <marc:subfield code="t">L'environnement futur du système canadien de radiodiffusion : </marc:subfield>
      <marc:subfield code="w">(CaOODSP)9.633501</marc:subfield>
    </marc:datafield>
  </marc:record>
</marc:collection>
